[Event "POL-ChT2"]
[Site "Opole POL"]
[Date "2006.09.03"]
[Round "2"]
[White "Hnydiuk, Aleksander"]
[Black "Szwed, Jacek"]
[Result "1/2-1/2"]
[WhiteElo "2366"]
[BlackElo "2323"]
[EventDate "2006.09.02"]
[PlyCount "33"]

1.e4 c5 2.Nf3 d6 3.c3 Nf6 4.Be2 Nbd7 5.d3 b6 6.O-O Bb7 7.Nbd2 g6 8.Re1 Bg7
9.Bf1 O-O 10.d4 cxd4 11.cxd4 e5 12.d5 Ne8 13.Nb1 h6 14.Nc3 f5 15.Nd2 a6 
16.a4 Ndf6 17.Bd3 1/2-1/2

[Event "POL-ChT2"]
[Site "Opole POL"]
[Date "2006.09.03"]
[Round "2"]
[White "Jasik, Krzysztof"]
[Black "Matras, Agnieszka"]
[Result "1-0"]
[WhiteElo "2336"]
[BlackElo "2212"]
[EventDate "2006.09.02"]
[PlyCount "63"]

1.e4 e5 2.Nf3 Nc6 3.Bb5 a6 4.Ba4 Nf6 5.O-O Be7 6.Re1 b5 7.Bb3 d6 8.h3 O-O 
9.c3 Bb7 10.d3 Na5 11.Bc2 c5 12.Nbd2 Re8 13.Nf1 h6 14.Ng3 Bf8 15.d4 cxd4 
16.cxd4 Rc8 17.d5 Qc7 18.Bd3 Nc4 19.a4 b4 20.a5 Nd7 21.Qb3 Qc5 22.Qa4 Qb5 
23.Qd1 Qc5 24.Re2 b3 25.Qxb3 Nxa5 26.Qd1 Qb6 27.b4 Nc4 28.Qb3 Qb5 29.Be3 
a5 30.Rc2 Ba6 31.Bxc4 Rxc4 32.Rxa5 1-0

[Event "POL-ChT2"]
[Site "Opole POL"]
[Date "2006.09.03"]
[Round "2"]
[White "Brodowski, Piotr"]
[Black "Bernard, Ryszard"]
[Result "1-0"]
[WhiteElo "2320"]
[BlackElo "2356"]
[EventDate "2006.09.02"]
[PlyCount "87"]

1.d4 d5 2.Nf3 Nf6 3.g3 c6 4.Bg2 Bf5 5.O-O h6 6.c4 e6 7.Nc3 Nbd7 8.b3 Bd6 
9.Bb2 O-O 10.Nd2 Qe7 11.a3 a5 12.e4 dxe4 13.Ncxe4 Nxe4 14.Nxe4 Bxe4 15.
Bxe4 Nf6 16.Bc2 Rfd8 17.Re1 c5 18.d5 e5 19.f3 Re8 20.Qd2 Qc7 21.Re2 b5 22.
Rae1 a4 23.bxa4 bxc4 24.f4 Nd7 25.Bc3 f6 26.a5 Reb8 27.Re4 exf4 28.gxf4 
Nf8 29.Rxc4 Re8 30.Rce4 Rxe4 31.Rxe4 Qd7 32.Qg2 Kh8 33.Re6 Bxf4 34.Qe4 Be5
35.Bxe5 fxe5 36.Rxe5 Qf7 37.Rf5 Qg6+ 38.Kh1 Nd7 39.Qe7 Re8 40.Rf1 Rxe7 41.
Bxg6 Kg8 42.a6 Re3 43.a4 Ra3 44.Rf4 1-0

[Event "POL-ChT2"]
[Site "Opole POL"]
[Date "2006.09.03"]
[Round "2"]
[White "Markiewicz, Jerzy"]
[Black "Skalski, Michal"]
[Result "1/2-1/2"]
[WhiteElo "2314"]
[BlackElo "2343"]
[EventDate "2006.09.02"]
[PlyCount "22"]

1.d4 g6 2.Nf3 Bg7 3.e4 c5 4.d5 Nf6 5.Nc3 d6 6.Be2 O-O 7.O-O Na6 8.h3 Nc7 
9.a4 Rb8 10.Bf4 Nd7 11.Qd2 a6 1/2-1/2

[Event "POL-ChT2"]
[Site "Opole POL"]
[Date "2006.09.03"]
[Round "2"]
[White "Tomczak, Rafal"]
[Black "Markowski, Tomasz"]
[Result "1-0"]
[WhiteElo "2316"]
[BlackElo "2547"]
[EventDate "2006.09.02"]
[PlyCount "71"]

1.e4 d6 2.d4 Nf6 3.Nc3 Nc6 4.Nf3 Bg4 5.Be2 e5 6.Be3 Be7 7.dxe5 dxe5 8.Bb5 
Nd7 9.Qd2 O-O 10.O-O-O a6 11.Bc4 Bd6 12.h3 Be6 13.Bxe6 fxe6 14.Qe2 Qf6 15.
h4 b5 16.Rh3 Kh8 17.Kb1 Qe7 18.h5 Nf6 19.Nh4 Qe8 20.g4 b4 21.Na4 Kg8 22.f3
Nd4 23.Bxd4 Qxa4 24.Be3 Qb5 25.Qg2 Bc5 26.Bc1 Rfd8 27.Rdh1 Rd6 28.f4 Bd4 
29.h6 g6 30.f5 Qe8 31.g5 Nd7 32.fxg6 hxg6 33.h7+ Kh8 34.Nf3 Qf7 35.Rh6 Nf8
36.Rf1 1-0

[Event "POL-ChT2"]
[Site "Opole POL"]
[Date "2006.09.03"]
[Round "2"]
[White "Wieclaw, Michal"]
[Black "Orzech, Dominik"]
[Result "1/2-1/2"]
[WhiteElo "2229"]
[BlackElo "2370"]
[EventDate "2006.09.02"]
[PlyCount "95"]

1.e4 c6 2.d4 d5 3.Nc3 dxe4 4.Nxe4 Nd7 5.Nf3 Ngf6 6.Ng3 e6 7.Bd3 Qc7 8.O-O 
Bd6 9.Qe2 O-O 10.Bg5 b6 11.Ne4 Nxe4 12.Qxe4 g6 13.Rae1 Bb7 14.Qh4 c5 15.
Ne5 Nxe5 16.dxe5 Bxe5 17.Rxe5 Qxe5 18.Bf6 Qh5 19.Qxh5 gxh5 20.Re1 Rfd8 21.
h4 Rd4 22.Bxd4 cxd4 23.Re5 h6 24.Rxh5 Kg7 25.Re5 Kf6 26.Rh5 Kg7 27.Re5 Rg8
28.Re2 Kf6 29.f3 Rc8 30.Kf2 Rc5 31.a4 Ke7 32.g4 Bc6 33.b3 Kf6 34.f4 Bd5 
35.g5+ Kg7 36.Re5 f6 37.gxf6+ Kxf6 38.Rh5 Kg7 39.f5 e5 40.f6+ Kxf6 41.
Rxh6+ Kg7 42.Rh7+ Kf6 43.Rh6+ Ke7 44.Rh7+ Kd6 45.Rh6+ Ke7 46.Rh7+ Kf8 47.
Rh8+ Kf7 48.Rh7+ 1/2-1/2

[Event "POL-ChT2"]
[Site "Opole POL"]
[Date "2006.09.03"]
[Round "2"]
[White "Strzemiecki, Zbigniew"]
[Black "Jozwik, Rafal"]
[Result "1/2-1/2"]
[WhiteElo "2366"]
[BlackElo "2168"]
[EventDate "2006.09.02"]
[PlyCount "77"]

1.e4 e5 2.Nf3 Nc6 3.Bb5 Nf6 4.O-O Nxe4 5.d4 Nd6 6.Bxc6 dxc6 7.dxe5 Nf5 8.
Qxd8+ Kxd8 9.Rd1+ Ke8 10.b3 Ne7 11.Ba3 Ng6 12.Bxf8 Rxf8 13.Nbd2 b6 14.Re1 
c5 15.Nc4 Bb7 16.Ng5 h6 17.Ne4 Bd5 18.g3 Bxc4 19.bxc4 Rd8 20.f4 Rd4 21.
Rad1 Ke7 22.Nc3 Rfd8 23.Nd5+ Kf8 24.Rxd4 cxd4 25.e6 Ne7 26.Nb4 Rd6 27.exf7
Kxf7 28.Nd3 Nf5 29.c5 Rd5 30.Ne5+ Kg8 31.cxb6 axb6 32.Re4 Ne3 33.Nc6 Rc5 
34.Nxd4 Nxc2 35.Nf3 Ra5 36.a4 c5 37.Re6 Nd4 38.Nxd4 cxd4 39.Rxb6 1/2-1/2

[Event "POL-ChT2"]
[Site "Opole POL"]
[Date "2006.09.03"]
[Round "2"]
[White "Schmidt, Wlodzimierz"]
[Black "Migala, Andrzej"]
[Result "1-0"]
[WhiteElo "2437"]
[BlackElo "2164"]
[EventDate "2006.09.02"]
[PlyCount "45"]

1.d4 Nf6 2.Nf3 d5 3.c4 c6 4.Nc3 a6 5.c5 Nbd7 6.Bf4 Nh5 7.Bd2 Nhf6 8.Rc1 g6
9.h3 Qc7 10.g3 Bg7 11.Bg2 O-O 12.Bf4 Qd8 13.Qd2 Re8 14.O-O Nh5 15.Bh6 e5 
16.Bxg7 Nxg7 17.Nxe5 Nxe5 18.dxe5 Rxe5 19.e4 d4 20.Ne2 Ne6 21.b4 b6 22.f4 
Rh5 23.f5 1-0

[Event "POL-ChT2"]
[Site "Opole POL"]
[Date "2006.09.03"]
[Round "2"]
[White "Krzyzanowski, Marcin"]
[Black "Hudziak, Pawel"]
[Result "1/2-1/2"]
[WhiteElo "2106"]
[BlackElo "2245"]
[EventDate "2006.09.02"]
[PlyCount "90"]

1.e4 c6 2.d4 d5 3.Nc3 dxe4 4.Nxe4 Nf6 5.Nxf6+ gxf6 6.c3 Bf5 7.Nf3 e6 8.Nh4
Bg6 9.g3 Qd5 10.Bg2 Qc4 11.Bf1 Qd5 12.Bg2 Qb5 13.a4 Qc4 14.Bf1 Qd5 15.Bg2 
Qc4 16.a5 Nd7 17.Nxg6 hxg6 18.Qe2 Qxe2+ 19.Kxe2 a6 20.Be3 Bd6 21.b4 f5 22.
c4 Nf6 23.b5 Kd7 24.bxc6+ bxc6 25.Rab1 Rhb8 26.Rb6 Ne4 27.Bxe4 fxe4 28.
Rhb1 Bc7 29.Rxb8 Rxb8 30.Rxb8 Bxb8 31.Bf4 e5 32.dxe5 Ke6 33.Ke3 Ba7+ 34.
Kxe4 Bxf2 35.Bd2 Kd7 36.Bc3 Ke6 37.Kf3 Bc5 38.h4 Be7 39.Kg4 Bd8 40.Kf3 Be7
41.Kf4 Bd8 42.Ke4 Be7 43.Be1 Ba3 44.Bc3 Be7 45.Be1 Ba3 1/2-1/2

[Event "POL-ChT2"]
[Site "Opole POL"]
[Date "2006.09.03"]
[Round "2"]
[White "Majdan, Joanna"]
[Black "Zielinska, Marta"]
[Result "1-0"]
[WhiteElo "2314"]
[BlackElo "2353"]
[EventDate "2006.09.02"]
[PlyCount "72"]

1.e4 g6 2.Nc3 Bg7 3.f4 c5 4.Nf3 Nc6 5.Bb5 Nd4 6.Bd3 d6 7.Nxd4 Bxd4 8.Qf3 
Bd7 9.Ne2 Bg7 10.a4 Qa5 11.Bc4 b5 12.Ba2 bxa4 13.f5 gxf5 14.Ng3 Be5 15.
Nxf5 Bxf5 16.exf5 Rc8 17.Qb7 Qc7 18.Qb5+ Kf8 19.Qc4 d5 20.Qxd5 e6 21.fxe6 
Nf6 22.Qf3 a3 23.Qxa3 Bxh2 24.Rf1 Rg8 25.d4 Rg6 26.Bd2 Bg3+ 27.Kd1 fxe6 
28.Bxe6 Re8 29.d5 Kg7 30.Qxa7 Nxd5 31.Rf7+ Kh8 32.Rxc7 Nxc7 33.Bf5 Rg7 34.
Kc1 Nd5 35.Qxc5 Nf4 36.Qb6 Rf8 {zapis nieczytelny} 1-0

[Event "POL-ChT2"]
[Site "Opole POL"]
[Date "2006.09.03"]
[Round "2"]
[White "Misiuga, Andrzej"]
[Black "Sendera, Jaroslaw"]
[Result "0-1"]
[WhiteElo "2199"]
[BlackElo "2334"]
[EventDate "2006.09.02"]
[PlyCount "56"]

1.d4 Nf6 2.Nf3 g6 3.c4 Bg7 4.Nc3 O-O 5.e4 d6 6.Be2 Nbd7 7.Be3 Ng4 8.Bg5 f6
9.Bd2 e5 10.h3 Nh6 11.Qc1 Nf7 12.d5 f5 13.Qc2 Nc5 14.Be3 Nxe4 15.Nxe4 fxe4
16.Nd2 Bh6 17.Qc3 Qh4 18.g3 Qe7 19.h4 Bg7 20.g4 Nh6 21.Bg5 Qd7 22.Rg1 Rf4 
23.Qg3 Qf7 24.Qe3 Nxg4 25.Bxg4 Rxg4 26.Rxg4 Bxg4 27.Nxe4 Rf8 28.Kd2 Bf3 
0-1

[Event "POL-ChT2"]
[Site "Opole POL"]
[Date "2006.09.03"]
[Round "2"]
[White "Antoniewski, Rafal"]
[Black "Koziak, Vitaly"]
[Result "1/2-1/2"]
[WhiteElo "2509"]
[BlackElo "2483"]
[EventDate "2006.09.02"]
[PlyCount "57"]

1.e4 e5 2.Nf3 Nf6 3.Nxe5 d6 4.Nf3 Nxe4 5.d4 d5 6.Bd3 Bd6 7.O-O O-O 8.Re1 
Bf5 9.c4 c6 10.Nc3 Nxc3 11.bxc3 Bxd3 12.Qxd3 dxc4 13.Qxc4 Nd7 14.Qb3 b5 
15.a4 a6 16.c4 bxc4 17.Qxc4 Qc7 18.Bd2 Rfe8 19.Rac1 Nf6 20.Ne5 c5 21.Qd3 
Qd8 22.Nf3 h6 23.Rc4 Bf8 24.h3 cxd4 25.Rxd4 Qb6 26.Rb1 Qe6 27.Bb4 Bxb4 28.
Rdxb4 Rad8 29.Qb3 1/2-1/2

[Event "POL-ChT2"]
[Site "Opole POL"]
[Date "2006.09.03"]
[Round "2"]
[White "Zezulkin, Jurij"]
[Black "Kaszowski, Dariusz"]
[Result "1/2-1/2"]
[WhiteElo "2455"]
[BlackElo "2299"]
[EventDate "2006.09.02"]
[PlyCount "45"]

1.e4 c5 2.Nc3 e6 3.Nf3 a6 4.d4 cxd4 5.Nxd4 b5 6.Bd3 Qb6 7.Nb3 Qc7 8.O-O 
Bb7 9.Qe2 Nf6 10.e5 b4 11.Nb1 Nd5 12.f4 a5 13.a4 Nc6 14.N1d2 Be7 15.Ne4 
Qb6+ 16.Kh1 Ba6 17.Rf3 g6 18.Bd2 O-O 19.Be1 f5 20.exf6 Bxf6 21.Bf2 Bxd3 
22.Qxd3 Qc7 23.Nxf6+ 1/2-1/2

[Event "POL-ChT2"]
[Site "Opole POL"]
[Date "2006.09.03"]
[Round "2"]
[White "Toczek, Grzegorz"]
[Black "Pazdziora, Michal"]
[Result "1-0"]
[WhiteElo "2339"]
[BlackElo "2151"]
[EventDate "2006.09.02"]
[PlyCount "47"]

1.e4 c5 2.Nf3 e6 3.d4 cxd4 4.Nxd4 a6 5.Bd3 Qb6 6.Nb3 Qc7 7.O-O Nf6 8.Bg5 
d6 9.Nc3 Nbd7 10.Qe2 Be7 11.Rae1 b5 12.f4 b4 13.Nd1 e5 14.Ne3 h6 15.Bxf6 
Nxf6 16.Kh1 Bb7 17.Nf5 g6 18.Nxe7 Qxe7 19.Na5 exf4 20.Nxb7 Qxb7 21.e5 Nd5 
22.exd6+ Kd7 23.Bc4 Rhe8 24.Qf3 1-0

[Event "POL-ChT2"]
[Site "Opole POL"]
[Date "2006.09.03"]
[Round "2"]
[White "Jadanowska, Beata"]
[Black "Chlost, Marlena"]
[Result "0-1"]
[WhiteElo "1873"]
[BlackElo "2132"]
[EventDate "2006.09.02"]
[PlyCount "68"]

1.d4 d5 2.c4 dxc4 3.Nf3 c5 4.e3 cxd4 5.exd4 Be6 6.Nc3 Nf6 7.Qa4+ Nc6 8.Ne5
Qa5 9.Qxa5 Nxa5 10.Nb5 Nd5 11.Bd2 a6 12.Na3 f6 13.Nexc4 Nc6 14.Nc2 g6 15.
Bd3 Bg7 16.N4e3 Rd8 17.Be4 f5 18.Bxd5 Bxd5 19.Bc3 Bf7 20.d5 Bxc3+ 21.bxc3 
Bxd5 22.Nxd5 Rxd5 23.Rb1 Re5+ 24.Kd2 b5 25.a4 Kf7 26.axb5 Rd8+ 27.Kc1 axb5
28.Re1 Rc5 29.Rd1 Rxd1+ 30.Kxd1 Rxc3 31.Rxb5 Rxc2 32.Rxf5+ gxf5 33.Kxc2 
Kf6 34.Kd2 e5 0-1

[Event "POL-ChT2"]
[Site "Opole POL"]
[Date "2006.09.03"]
[Round "2"]
[White "Bednarska, Malgorzata"]
[Black "Sikorska, Agata"]
[Result "1/2-1/2"]
[WhiteElo "2194"]
[BlackElo "2101"]
[EventDate "2006.09.02"]
[PlyCount "66"]

1.e4 c5 2.Nf3 e6 3.Nc3 Nc6 4.d4 cxd4 5.Nxd4 a6 6.Be2 d6 7.O-O Nf6 8.Kh1 
Be7 9.f4 O-O 10.Be3 Bd7 11.Qe1 b5 12.e5 dxe5 13.Nxc6 Bxc6 14.fxe5 Nd7 15.
Qg3 Qc7 16.a3 Kh8 17.Bd4 Bc5 18.Bxc5 Nxc5 19.Rae1 Ne4 20.Nxe4 Bxe4 21.Bxb5
axb5 22.Rxe4 Qxc2 23.Rb4 Rad8 24.h3 Rd3 25.Qg4 Qc5 26.Rbf4 Qxe5 27.Rxf7 
Rxf7 28.Rxf7 h5 29.Qf4 Rd1+ 30.Kh2 Qe1 31.Qf2 Qe5+ 32.Qf4 Qe1 33.Qf2 Qe5+ 
1/2-1/2

[Event "POL-ChT2"]
[Site "Opole POL"]
[Date "2006.09.03"]
[Round "2"]
[White "Staniszewski, Piotr"]
[Black "Juroszek, Tadeusz"]
[Result "1/2-1/2"]
[WhiteElo "2424"]
[BlackElo "2387"]
[EventDate "2006.09.02"]
[PlyCount "54"]

1.d4 d6 2.Nf3 g6 3.g3 Bg7 4.Bg2 Nd7 5.O-O e5 6.e4 Ne7 7.dxe5 dxe5 8.Qe2 
O-O 9.Rd1 Nc6 10.Be3 f6 11.Nc3 Rf7 12.Nd5 Ne7 13.Bh3 Nxd5 14.Rxd5 Qe8 15.
Rad1 Bf8 16.c4 c6 17.R5d2 Bb4 18.Rc2 Nf8 19.Bxc8 Qxc8 20.c5 Qg4 21.Kg2 Ba5
22.Qc4 Qe6 23.Rd3 Qxc4 24.Rxc4 Rd7 25.Ra3 Bd8 26.Rca4 a6 27.Rb3 Ne6 
1/2-1/2

[Event "POL-ChT2"]
[Site "Opole POL"]
[Date "2006.09.03"]
[Round "2"]
[White "Bobula, Mateusz"]
[Black "Zeberski, Jakub"]
[Result "1/2-1/2"]
[WhiteElo "2254"]
[BlackElo "2410"]
[EventDate "2006.09.02"]
[PlyCount "103"]

1.d4 f5 2.g3 Nf6 3.Bg2 e6 4.Nf3 d5 5.O-O Bd6 6.c4 c6 7.b3 Qe7 8.a4 a5 9.
Ba3 Bxa3 10.Nxa3 O-O 11.Ne5 Nbd7 12.Nd3 b6 13.Qc2 Bb7 14.Rfc1 Rfc8 15.Qb2 
Ne4 16.Rc2 c5 17.cxd5 exd5 18.Nb5 Ba6 19.Rac1 Bxb5 20.axb5 Qf6 21.dxc5 
Qxb2 22.Rxb2 bxc5 23.Rbc2 Rab8 24.Bxe4 dxe4 25.Nxc5 Nf6 26.Nxe4 Rxc2 27.
Nxf6+ gxf6 28.Rxc2 Rxb5 29.Rc8+ Kf7 30.Ra8 Rxb3 31.Rxa5 Kg6 32.Kg2 Rc3 33.
e3 Rc2 34.Kf3 Rb2 35.h3 h5 36.Ra4 Rc2 37.Rf4 Ra2 38.g4 hxg4+ 39.hxg4 fxg4+
40.Rxg4+ Kf5 41.Rb4 Ra6 42.Rb5+ Ke6 43.Kf4 Rc6 44.e4 Ra6 45.f3 Ra3 46.Kg4 
Re3 47.Rb6+ Kf7 48.Rb7+ Ke6 49.Rb6+ Kf7 50.Rb4 Kg6 51.f4 Rxe4 52.Rxe4 
1/2-1/2

[Event "POL-ChT2"]
[Site "Opole POL"]
[Date "2006.09.03"]
[Round "2"]
[White "Jadanowski, Lukasz"]
[Black "Owczarzak, Jerzy"]
[Result "1/2-1/2"]
[WhiteElo "2072"]
[BlackElo "2380"]
[EventDate "2006.09.02"]
[PlyCount "68"]

1.e4 e5 2.Nf3 Nc6 3.Bb5 a6 4.Ba4 Nf6 5.Qe2 b5 6.Bb3 Be7 7.c3 d6 8.O-O O-O 
9.h3 Na5 10.Bc2 c5 11.d4 Qc7 12.d5 c4 13.b4 cxb3 14.axb3 Bd7 15.b4 Nc4 16.
Nfd2 Rfc8 17.Nxc4 bxc4 18.Nd2 Bb5 19.Qd1 a5 20.Ba3 Nd7 21.bxa5 Rxa5 22.Bb4
Rxa1 23.Qxa1 Nc5 24.Rb1 Bg5 25.Nf3 Bd8 26.Qa3 g6 27.Nd2 Kg7 28.Bxc5 Qxc5 
29.Qb4 Ba6 30.Qxc5 Rxc5 31.Ra1 Ba5 32.Ra4 Kf8 33.Kf1 Ke7 34.Ke2 Bc8 
1/2-1/2

[Event "POL-ChT2"]
[Site "Opole POL"]
[Date "2006.09.03"]
[Round "2"]
[White "Kulesza, Mateusz"]
[Black "Kovalev, Andrei"]
[Result "1/2-1/2"]
[WhiteElo "2282"]
[BlackElo "2526"]
[EventDate "2006.09.02"]
[PlyCount "60"]

1.e4 c5 2.Nc3 Nc6 3.g3 g6 4.Bg2 Bg7 5.d3 d6 6.Be3 e5 7.Qd2 Be6 8.f4 Nge7 
9.Nf3 Nd4 10.O-O h6 11.Nd1 Qd7 12.c3 Nxf3+ 13.Bxf3 Nc6 14.Nf2 h5 15.a3 h4 
16.b4 hxg3 17.hxg3 Nd4 18.Bd1 exf4 19.Bxf4 Nc6 20.Bf3 Rd8 21.Rae1 Kf8 22.
Bg2 b6 23.Bg5 Re8 24.Be3 Be5 25.d4 Bxg3 26.d5 Bh2+ 27.Kh1 Bf4+ 28.Kg1 Bh2+
29.Kh1 Bf4+ 30.Kg1 Bg3 1/2-1/2

[Event "POL-ChT2"]
[Site "Opole POL"]
[Date "2006.09.03"]
[Round "2"]
[White "Kuzmicz, Krystian"]
[Black "Kalinin, Oleg"]
[Result "1/2-1/2"]
[WhiteElo "2375"]
[BlackElo "2354"]
[EventDate "2006.09.02"]
[PlyCount "106"]

1.g3 d5 2.Bg2 Nf6 3.c4 c6 4.Nf3 e6 5.b3 a5 6.Bb2 a4 7.O-O Nbd7 8.Qc2 Be7 
9.d4 axb3 10.axb3 Rxa1 11.Bxa1 O-O 12.Nbd2 b5 13.e4 bxc4 14.bxc4 dxc4 15.
Nxc4 Ba6 16.Re1 Bb5 17.Nfe5 Qc7 18.Nxd7 Nxd7 19.Ne3 Qa7 20.d5 cxd5 21.exd5
Bf6 22.Bxf6 Nxf6 23.dxe6 fxe6 24.Bh3 Qa6 25.Ng2 Re8 26.Qb2 Bd7 27.Nf4 Qd6 
28.Qb3 Kh8 29.Bxe6 Bxe6 30.Rxe6 Rxe6 31.Qxe6 Qd1+ 32.Kg2 h6 33.h3 Qb1 34.
Qe7 Qe4+ 35.Qxe4 Nxe4 36.Kf3 Nf6 37.Ke3 Kg8 38.Kd4 Kf7 39.Ke5 Nd7+ 40.Kf5 
Nf8 41.Nd3 g6+ 42.Ke5 Nd7+ 43.Kd6 Nf6 44.Ne5+ Kg7 45.Ng4 Ne4+ 46.Ke5 Ng5 
47.h4 Nh3 48.f3 Ng1 49.Nh2 h5 50.Ke4 Ne2 51.Nf1 Kf6 52.Kd3 Nc1+ 53.Ke3 Na2
1/2-1/2

[Event "POL-ChT2"]
[Site "Opole POL"]
[Date "2006.09.03"]
[Round "2"]
[White "Chmiel, Dominika"]
[Black "Szczepkowska-Horowska, Karina"]
[Result "1-0"]
[WhiteElo "2138"]
[BlackElo "2331"]
[EventDate "2006.09.02"]
[PlyCount "73"]

1.e4 d6 2.d4 Nf6 3.Nc3 Nc6 4.f3 e5 5.d5 Ne7 6.g4 c6 7.Be3 c5 8.Nge2 Ng6 9.
h4 Be7 10.Qd2 a6 11.Ng3 Ng8 12.g5 h6 13.Nh5 Kf8 14.Bg2 f6 15.gxf6 Nxf6 16.
Nxf6 Bxf6 17.h5 Nf4 18.Bxf4 exf4 19.Qxf4 b5 20.O-O-O Ra7 21.Qd2 b4 22.Ne2 
Ke8 23.f4 Rf8 24.Qd3 Rff7 25.e5 dxe5 26.Qe4 Qd6 27.Ng3 Kd8 28.Rhe1 Rae7 
29.Nf5 Bxf5 30.Qxf5 exf4 31.Re6 Qd7 32.Qd3 Qb5 33.Qh7 Rf8 34.Bf1 c4 35.Qe4
Rc7 36.d6 Rc6 37.Rxf6 1-0

[Event "POL-ChT2"]
[Site "Opole POL"]
[Date "2006.09.03"]
[Round "2"]
[White "Dudzinski, Piotr"]
[Black "Wisniewski, Adrian"]
[Result "0-1"]
[WhiteElo "2254"]
[BlackElo "2369"]
[EventDate "2006.09.02"]
[PlyCount "74"]

1.e4 e6 2.d4 d5 3.e5 c5 4.c3 Nc6 5.Nf3 Bd7 6.a3 f6 7.exf6 Nxf6 8.Bd3 Qc7 
9.b4 c4 10.Bc2 Bd6 11.Bg5 O-O-O 12.O-O Rdf8 13.Bh4 Ng4 14.Bg3 h5 15.Bxd6 
Qxd6 16.Nbd2 e5 17.b5 e4 18.bxc6 exf3 19.cxd7+ Kd8 20.g3 h4 21.Nxf3 hxg3 
22.fxg3 Nxh2 23.Ne5 Nxf1 24.Qxf1 Rxf1+ 25.Rxf1 Kc7 26.Rf7 Qxa3 27.Bf5 Qc1+
28.Kg2 Qd2+ 29.Kg1 Rd8 30.Ng6 Qxc3 31.Nf8 Qxg3+ 32.Kf1 Kb6 33.Ne6 Rxd7 34.
Rxd7 Qf3+ 35.Ke1 Qxf5 36.Nc5 Qb1+ 37.Ke2 Qc2+ 0-1

[Event "POL-ChT2"]
[Site "Opole POL"]
[Date "2006.09.03"]
[Round "2"]
[White "Plonczak, Dominik"]
[Black "Murawski, Grzegorz"]
[Result "0-1"]
[WhiteElo "2096"]
[BlackElo "2311"]
[EventDate "2006.09.02"]
[PlyCount "82"]

1.e4 d6 2.d4 Nf6 3.Nc3 e5 4.Nf3 Nbd7 5.Bc4 Be7 6.O-O O-O 7.Re1 c6 8.a4 b6 
9.b3 a6 10.Bb2 Rb8 11.Bd3 Re8 12.Ne2 Bf8 13.Ng3 Qc7 14.Qd2 g6 15.c4 Bb7 
16.a5 bxa5 17.Bc3 exd4 18.Bxa5 Qc8 19.Nxd4 Bg7 20.Bc3 Ne5 21.Bc2 c5 22.Nf3
Nfd7 23.Nxe5 dxe5 24.Nf1 Nf8 25.Ne3 Ne6 26.Nd5 Nd4 27.Bxd4 exd4 28.Qd3 Be5
29.g3 Qd8 30.f4 Bg7 31.Bd1 f5 32.Bf3 fxe4 33.Bxe4 Kh8 34.Ra2 Bc8 35.Ree2 
Bg4 36.Rf2 Qd6 37.h3 Bxh3 38.Rh2 Qe6 39.Rae2 Bg4 40.Bf3 Qf5 41.Qxf5 Bxf5 {
zapis nieczytelny} 0-1

[Event "POL-ChT2"]
[Site "Opole POL"]
[Date "2006.09.03"]
[Round "2"]
[White "Litwin, Jozef"]
[Black "Wojciechowski, Piotr"]
[Result "1/2-1/2"]
[WhiteElo "2183"]
[BlackElo "2218"]
[EventDate "2006.09.02"]
[PlyCount "93"]

1.d4 d5 2.c4 Nc6 3.Nc3 dxc4 4.Nf3 Nf6 5.d5 Na5 6.Qa4+ c6 7.b4 cxb3 8.axb3 
e6 9.Bd2 Nxd5 10.Nxd5 Nxb3 11.Nc7+ Qxc7 12.Qxb3 Bd6 13.e3 O-O 14.Bd3 e5 
15.O-O h6 16.Rfb1 Kh8 17.e4 b6 18.Rc1 Bb7 19.Nh4 Rfd8 20.Be3 c5 21.Nf5 Bf8
22.Rab1 Rd7 23.f3 Bc6 24.Bf2 Rad8 25.Bb5 Bxb5 26.Qxb5 Be7 27.h4 Rd2 28.Ne3
R2d6 29.Nd5 Qd7 30.Qa6 f5 31.Ra1 fxe4 32.fxe4 Ra8 33.Rcb1 Bd8 34.Rb3 Kh7 
35.Bg3 Rg6 36.Qe2 Qg4 37.Qxg4 Rxg4 38.Bxe5 Rxe4 39.Bc7 Rxh4 40.Bxb6 Rb8 
41.Bxd8 Rxd8 42.Ne3 Rd7 43.Ra5 Re4 44.Nf5 Re1+ 45.Kh2 Rf7 46.Rxc5 Ra1 47.
g4 {zapis nieczytelny} 1/2-1/2

[Event "POL-ChT2"]
[Site "Opole POL"]
[Date "2006.09.03"]
[Round "2"]
[White "Szydlowska, Marta"]
[Black "Magnucka, Milena"]
[Result "0-1"]
[WhiteElo "2048"]
[BlackElo "2066"]
[EventDate "2006.09.02"]
[PlyCount "114"]

1.d4 Nf6 2.Nf3 g6 3.Bf4 Bg7 4.e3 d6 5.h3 O-O 6.Be2 Nbd7 7.O-O Qe8 8.Bh2 e5
9.c4 Ne4 10.Qc2 f5 11.Na3 a6 12.Rad1 Kh8 13.b4 Qe7 14.c5 exd4 15.exd4 f4 
16.Bd3 Ng5 17.Be2 d5 18.Rfe1 c6 19.Nb1 Nxf3+ 20.Bxf3 Qg5 21.Qd2 Qh4 22.Nc3
g5 23.Bg4 Nf6 24.g3 fxg3 25.Bxg3 Qh6 26.Bxc8 Raxc8 27.h4 gxh4 28.Qxh6 Bxh6
29.Bxh4 Rg8+ 30.Kf1 Ng4 31.Re2 Rce8 32.Rxe8 Nh2+ 33.Ke2 Rxe8+ 34.Kd3 Nf3 
35.Bf6+ Bg7 36.Bxg7+ Kxg7 37.a4 h5 38.b5 axb5 39.axb5 Kg6 40.bxc6 bxc6 41.
Rh1 Kg5 42.Rh3 Ne1+ 43.Kd2 h4 44.f3 Ng2 45.Rh2 Nf4 46.Nd1 h3 47.Ne3 Rf8 
48.Ng4 Kh4 49.Ke3 Kg3 50.Rh1 Ng2+ 51.Ke2 Re8+ 52.Ne5 h2 53.Ra1 Nf4+ 54.Ke3
Rh8 55.Rh1 Ne6 56.Ng4 Kg2 57.Nf2 Rf8 0-1

[Event "POL-ChT2"]
[Site "Opole POL"]
[Date "2006.09.03"]
[Round "2"]
[White "Smagacz, Dariusz"]
[Black "Dudzinski, Pawel"]
[Result "1/2-1/2"]
[WhiteElo "2227"]
[BlackElo "2203"]
[EventDate "2006.09.02"]
[PlyCount "104"]

1.e4 c6 2.d4 d5 3.Nd2 g6 4.Ngf3 Bg7 5.c3 Nh6 6.Bd3 O-O 7.O-O f6 8.Re1 Nf7 
9.c4 e6 10.b3 a5 11.Bb2 Na6 12.Rc1 dxe4 13.Nxe4 f5 14.Nc3 Re8 15.Bf1 Bd7 
16.Rc2 Qc7 17.Rce2 b5 18.d5 cxd5 19.Nxb5 Qb6 20.Bxg7 Kxg7 21.Ne5 Nxe5 22.
Rxe5 Bxb5 23.cxb5 Nc5 24.Qd4 Kf7 25.Rc1 Rac8 26.Re3 Nd7 27.Qxb6 Nxb6 28.
Rec3 Rxc3 29.Rxc3 Rc8 30.Rxc8 Nxc8 31.f4 Ke7 32.Kf2 Kd6 33.Ke3 Kc5 34.a3 
Nd6 35.b4+ axb4 36.axb4+ Kxb4 37.Kd4 Nxb5+ 38.Ke5 Nc3 39.Kxe6 Nd1 40.Be2 
Ne3 41.g3 Kc3 42.Kf7 Ng4 43.Kg7 Nxh2 44.Kxh7 Kd4 45.Kxg6 Ke4 46.Bd1 Nf1 
47.Bc2+ Ke3 48.Kxf5 Nxg3+ 49.Ke5 d4 50.f5 Nxf5 51.Bxf5 d3 52.Bxd3 Kxd3 
1/2-1/2

[Event "POL-ChT2"]
[Site "Opole POL"]
[Date "2006.09.04"]
[Round "3"]
[White "Magnucka, Milena"]
[Black "Majdan, Joanna"]
[Result "0-1"]
[WhiteElo "2066"]
[BlackElo "2314"]
[EventDate "2006.09.02"]
[PlyCount "102"]

1.e4 d6 2.d4 Nf6 3.Nc3 Nbd7 4.Be3 e5 5.Nf3 Be7 6.h3 c6 7.Be2 O-O 8.O-O Re8
9.Re1 exd4 10.Nxd4 Bf8 11.Bf3 Ne5 12.Be2 Ned7 13.Bf3 h6 14.Bf4 Ne5 15.Bh2 
Nc4 16.b3 Qa5 17.Nce2 Nd2 18.Ng3 Qc3 19.Nge2 Nxf3+ 20.Nxf3 Qc5 21.Ng3 g6 
22.Qd4 Qxd4 23.Nxd4 h5 24.f3 h4 25.Nge2 d5 26.e5 Bc5 27.Rad1 Nd7 28.f4 Bb6
29.Kh1 Nc5 30.Bg1 Ne4 31.Nf3 Bd8 32.Ned4 Ba5 33.Re3 Nc3 34.Ra1 c5 35.Ne2 
d4 36.Nexd4 cxd4 37.Nxd4 Nd5 38.Rf3 Ne7 39.Rd1 Nf5 40.Nb5 Ng3+ 41.Kh2 Bf5 
42.c4 Bc2 43.Rc1 Be4 44.Rf2 Bc6 45.Nd6 Re6 46.a3 Bc7 47.c5 f6 48.Re1 Rd8 
49.Nc4 Bb5 50.Ne3 fxe5 51.Ng4 e4 0-1

[Event "POL-ChT2"]
[Site "Opole POL"]
[Date "2006.09.04"]
[Round "3"]
[White "Pazdziora, Michal"]
[Black "Jadanowski, Lukasz"]
[Result "1-0"]
[WhiteElo "2151"]
[BlackElo "2072"]
[EventDate "2006.09.02"]
[PlyCount "94"]

1.d4 Nf6 2.c4 c5 3.d5 e5 4.Nc3 d6 5.e4 g6 6.Bd3 Bg7 7.h3 Na6 8.Nf3 O-O 9.
Bg5 h6 10.Be3 Bd7 11.a3 Ne8 12.g4 Kh8 13.Qb1 b6 14.Ra2 Qc8 15.Nd2 Bf6 {=} 
16.b4 Bg5 17.Bxg5 hxg5 18.Nf1 Kg7 19.Ne3 Rh8 20.f3 f6 21.Rah2 Kf7 22.Kd2 
Ng7 23.h4 Qd8 24.Ng2 Rb8 25.b5 Nc7 26.Qg1 Ra8 27.Ne3 a6 28.a4 Qe7 29.Bc2 
Qd8 30.Ne2 Nce8 31.Qf2 Qe7 32.Bd1 Qd8 33.Ng2 Qe7 34.Ne3 Qd8 35.Ke1 Nc7 36.
hxg5 Rxh2 37.Qxh2 fxg5 38.Qh7 Qf6 39.Rh6 Be8 40.Ng3 Bd7 41.Nh5 gxh5 42.
Rxf6+ Kxf6 43.gxh5 Kf7 44.h6 Rg8 45.Nf5 Bxf5 46.exf5 Ne8 47.Qg6+ Kf8 1-0

[Event "POL-ChT2"]
[Site "Opole POL"]
[Date "2006.09.04"]
[Round "3"]
[White "Kalinin, Oleg"]
[Black "Lisowski, Krzysztof"]
[Result "1-0"]
[WhiteElo "2354"]
[BlackElo "2234"]
[EventDate "2006.09.02"]
[PlyCount "105"]

1.Nf3 d5 2.g3 Nf6 3.Bg2 Bg4 4.b3 c6 5.Bb2 e6 6.O-O Be7 7.c4 O-O 8.d4 a5 9.
Nc3 Nbd7 10.Nd2 Qb6 11.c5 Qc7 12.f4 b6 13.cxb6 Qxb6 14.Na4 Qa6 15.Nf3 Rfc8
16.Rc1 c5 17.Ba3 Bf8 18.Bxc5 Nxc5 19.dxc5 Ne4 20.Qd4 Qb5 21.Nb6 Bxc5 22.
Rxc5 Nxc5 23.Nxc8 Rxc8 24.Rc1 Rc7 25.Bf1 h6 26.e3 Qb6 27.Ne5 Bf5 28.a3 Qa7
29.b4 axb4 30.axb4 Nb3 31.Qxa7 Rxa7 32.Rc8+ Kh7 33.g4 Be4 34.Rc3 Nd2 35.
Be2 Ra2 36.Kf2 Bf3 37.Bd3+ Be4 38.Ke1 f6 39.Rc2 Rxc2 40.Bxc2 Bxc2 41.Kxd2 
Ba4 42.Nd3 Bb5 43.Nc5 e5 44.fxe5 fxe5 45.Nd3 d4 46.Nxe5 dxe3+ 47.Kxe3 g5 
48.Kd4 Kg7 49.Kc5 Bf1 50.b5 Kf6 51.b6 Ba6 52.Kd6 Bb7 53.Nd7+ 1-0